foundations of antennas (Record no. 1340)

MARC details
000 -LEADER
fixed length control field 00848 a2200217 4500
008 - FIXED-LENGTH DATA ELEMENTS--GENERAL INFORMATION
fixed length control field 080822t xxu||||| |||| 00| 0 eng d
010 ## - LIBRARY OF CONGRESS CONTROL NUMBER
LC control number ENG-85096
020 ## - INTERNATIONAL STANDARD BOOK NUMBER
International Standard Book Number 8188689319
Terms of availability 475.00
035 ## - SYSTEM CONTROL NUMBER
System control number EN-68629
037 ## - SOURCE OF ACQUISITION
Source of stock number/acquisition D.B.Act / Pub
082 ## - DEWEY DECIMAL CLASSIFICATION NUMBER
Classification number 621.3824
100 ## - MAIN ENTRY--PERSONAL NAME
Personal name Kildal, Per Simron
245 ## - TITLE STATEMENT
Title foundations of antennas
Remainder of title a uniter approach
Statement of responsibility, etc by Per Simron Kildal
260 ## - PUBLICATION, DISTRIBUTION, ETC. (IMPRINT)
Place of publication, distribution, etc New Delhi
Name of publisher, distributor, etc Overseas Press India
Date of publication, distribution, etc 2006
270 ## - ADDRESS
Address 7/28, Ansari Road, Darya Ganj
City New Delhi
Postal code 110 002
Electronic mail address overseas@de13.vsnl.nic.in
300 ## - PHYSICAL DESCRIPTION
Extent xv,395p. + C.D-Rom
Other physical details 22cm.(Pbk)
500 ## - GENERAL NOTE
General note includes index
710 ## - ADDED ENTRY--CORPORATE NAME
Subordinate unit .
942 ## - ADDED ENTRY ELEMENTS (KOHA)
Institution code [OBSOLETE] dpl
Koha item type English Books
Call number prefix 621.3824 / KIL
Source of classification or shelving scheme Dewey Decimal Classification
Classification part 621.3824
Call number suffix KIL
Holdings
Withdrawn status Lost status Damaged status Not for loan Home library Current library Date acquired Cost, normal purchase price Total Checkouts Full call number Barcode Date last seen Copy number Uniform Resource Identifier Cost, replacement price Price effective from Koha item type
        D.B.Act.Division D.B.Act.Division 22/08/2008 475.00   621.3824 KIL EN-68629 15/09/2008 1 1413 475.00 15/09/2008 English Books

© Delhi Public Library
Hit Counter
free hit counter